000 00299nam a2200133 a 4500
005 20140414131845.0
008 100524s19uu xx 00 eng d
050 _aM 220.9
_bJ66
245 _aJonah.
650 _aJonah
_xBiblical character
999 _c109877
_d109877